Statistics for Countries by Capitals and Borders in 30 Seconds - Empty Map

Click here to take the quiz!

General Stats

  • This quiz has been taken 258 times
  • The average score is 65 of 157

Answers on the Map

Answers color-coded by a green-red scale on the quiz's map according to % correct below.
 

Answer Stats

HintHintCountry% Correct
386105France
93%
615140.9China
90%
57752Russia
90%
533100Kazakhstan
89%
614.2104.1Mongolia
89%
665.7127North Korea
89%
266294Brazil
87%
423.687.1Poland
87%
254.4248.1Suriname
85%
487.6125Azerbaijan
83%
443.481.2Belarus
81%
43752Finland
80%
40489.9Germany
80%
434.376.3Lithuania
80%
401.757Norway
80%
450.696Ukraine
80%
43964.8Estonia
79%
479120Georgia
79%
43870.6Latvia
79%
398.4103.5Switzerland
79%
39191Belgium
78%
394.394.2Luxembourg
78%
39386.9Netherlands
77%
153129United States
75%
151182Mexico
74%
597188.5Myanmar
74%
236319Bolivia
72%
216.3247.5Colombia
72%
556185.9India
72%
535.7164.2Pakistan
72%
584.1169.4Bhutan
71%
569.8166.5Nepal
71%
208292Peru
71%
234373Argentina
69%
248.9339.7Paraguay
69%
232235Venezuela
69%
254.9370.2Uruguay
68%
414.2100.9Austria
67%
14366Canada
67%
248242Guyana
67%
372127.5Spain
67%
416.4124.2Italy
66%
528149.2Afghanistan
62%
610.3194.9Laos
59%
545.2133.5Tajikistan
59%
384118.7Andorra
58%
41493.8Czech Republic
58%
548122Kyrgyzstan
58%
624.3219.9Vietnam
57%
427.6239Central African
Republic
56%
433267.2D. R. Congo
52%
416.9260.5Rep. of the Congo
51%
449.6239.5South Sudan
51%
420301.2Angola
50%
401.573.5Denmark
50%
419.3172.9Libya
50%
459.1282.5Tanzania
50%
453.1256.6Uganda
50%
447.8272.6Burundi
49%
397.2114.5Monaco
49%
447.8267.7Rwanda
49%
37786United Kingdom
47%
438310Zambia
47%
478.8149.9Iraq
46%
448.5209.5Sudan
46%
413106.5Slovenia
45%
583181.8Bangladesh
44%
460.3130.6Turkey
44%
562235.3Sri Lanka
43%
366153.5Morocco
41%
177.4210Guatemala
40%
180.9203.6Belize
38%
447171.3Egypt
38%
424.4103.1Hungary
38%
437.8117.9Bulgaria
36%
403.3203.9Niger
36%
501.3152.5Iran
35%
361.7127.6Portugal
34%
408.5113.9San Marino
34%
408.5120.7Vatican City
34%
462.3158.9Jordan
33%
36382.5Ireland
32%
436.7107.1Romania
32%
480.5125Armenia
31%
422.6209.4Chad
31%
377202.2Mali
31%
482.1179.9Saudi Arabia
31%
384.2167.2Algeria
30%
459157Israel
30%
487162.9Kuwait
30%
467309.5Mozambique
30%
427.6113Serbia
30%
418328Namibia
29%
435336.1Botswana
28%
429.5121.7Macedonia
28%
509.33187.2Oman
28%
198232.5Panama
28%
488.3208.2Yemen
28%
447325Zimbabwe
28%
192228Costa Rica
27%
418108Croatia
27%
444360.5Lesotho
27%
610.3247.2Malaysia
27%
354195.5Mauritania
27%
495.7176.2Qatar
27%
431365South Africa
27%
502182.5United Arab Emirates
27%
430129Greece
26%
451.3350.1Swaziland
26%
513130.6Turkmenistan
26%
421113Bosnia and
Herzegovina
24%
423.7117.8Montenegro
24%
398230.8Nigeria
24%
42398Slovakia
24%
377219Burkina Faso
23%
218384Chile
23%
204265.5Ecuador
22%
470234.2Ethiopia
22%
635.5264Indonesia
22%
664.3290.8East Timor
21%
427.5118.5Kosovo
21%
703.7282.4Papua New Guinea
21%
385.7225Benin
20%
407247Cameroon
20%
465.8259.9Kenya
19%
467143Syria
19%
401148Tunisia
18%
466.3209.2Eritrea
17%
368235.9Côte d'Ivoire
16%
184.5210.7Honduras
16%
414.360.5Sweden
16%
180.4215El Salvador
15%
402103.1Liechtenstein
15%
425.5124Albania
14%
353.3224.2Guinea
14%
488230Somalia
14%
188.2218.1Nicaragua
13%
347212Senegal
13%
378.2234.5Ghana
12%
608207.9Thailand
12%
383232.4Togo
12%
476.4221.6Djibouti
11%
444.4102Moldova
11%
616219.1Cambodia
10%
525122.5Uzbekistan
9%
347.7220.3Guinea-Bissau
7%
669139South Korea
7%
344216Gambia
6%
406.5264Gabon
5%
461.7146.8Lebanon
5%
456307Malawi
5%
221197Dominican Republic
4%
218196Haiti
4%
638.6246.1Brunei
3%
359.2239.6Liberia
2%
354232.9Sierra Leone
2%
404255.8Equatorial Guinea
1%

Score Distribution

Percentile by Number Answered

Percent of People with Each Score

Your Score History

You have not taken this quiz